|
|
|
|
| LEADER |
00773nam a2200205 a 4500 |
| 001 |
3412139 |
| 008 |
091108s1990 ii s 000 0 eng d |
| 010 |
|
|
|a 89906736
|
| 040 |
|
|
|a DLC
|c DLC
|d DLC
|
| 082 |
0 |
0 |
|a 336.3/6/0954
|2 20
|
| 100 |
1 |
|
|a Ramachandran, K. S.
|q (Kattalai Sivasubramanya),
|d 1939-
|
| 245 |
1 |
0 |
|a Drownded in debt /
|c K.S. Ramachandran.
|
| 260 |
|
|
|a New Delhi :
|b Vikas Pub. House,
|c c1990.
|
| 300 |
|
|
|a xvi, 219 p. ;
|c 22 cm.
|
| 500 |
|
|
|a On the Indian situation; articles.
|
| 541 |
1 |
|
|e 00011129
|
| 650 |
|
0 |
|a Debts, Public
|z India.
|
| 852 |
4 |
|
|a Ayesha Abed Library
|j General Shelf
|
| 999 |
|
|
|c 5688
|d 5688
|
| 952 |
|
|
|0 0
|1 0
|2 ddc
|4 0
|6 336_360954000000000_RAM_1990
|7 0
|9 5611
|a BRACUL
|b BRACUL
|c GEN
|d 2009-11-21
|l 0
|o 336.360954 RAM
|p 3010011129
|r 2025-11-15
|t 1
|v 584.00
|w 2009-11-21
|y BK
|